PASUKAN KADET BERSATU MALAYSIA DAN PERGERAKAN PUTERI ISLAM MALAYSIA / (Record no. 185063)

MARC details
000 -LEADER
fixed length control field 01278pam a2200385 ia4500
001 - CONTROL NUMBER
control field vtls000912885
003 - CONTROL NUMBER IDENTIFIER
control field PNM
005 - DATE AND TIME OF LATEST TRANSACTION
control field 20210926114515.0
008 - FIXED-LENGTH DATA ELEMENTS--GENERAL INFORMATION
fixed length control field 200921s2021 my ao j 000 0 may
015 ## - NATIONAL BIBLIOGRAPHY NUMBER
National bibliography number M21-01964
020 ## - INTERNATIONAL STANDARD BOOK NUMBER
International Standard Book Number 9789671846605
Qualifying information set
International Standard Book Number 9789671846629
Qualifying information paperback
Terms of availability RM41.50
039 #9 - LEVEL OF BIBLIOGRAPHIC CONTROL AND CODING DETAIL [OBSOLETE]
Level of rules in bibliographic description 202104280903
Level of effort used to assign nonsubject heading access points sham
Level of effort used to assign subject headings 202103072100
Level of effort used to assign classification azizan
Level of effort used to assign subject headings 202103011150
Level of effort used to assign classification ain
Level of effort used to assign subject headings 202102241846
Level of effort used to assign classification ain
040 ## - CATALOGING SOURCE
Original cataloging agency BNM
Language of cataloging eng
Transcribing agency BNM
Description conventions rda
Modifying agency PPAK
049 ## - LOCAL HOLDINGS (OCLC)
Holding library mal
082 04 - DEWEY DECIMAL CLASSIFICATION NUMBER
Classification number 371.809595
Edition number 23
090 00 - LOCALLY ASSIGNED LC-TYPE CALL NUMBER (OCLC); LOCAL CALL NUMBER (RLIN)
Classification number (OCLC) (R) ; Classification number, CALL (RLIN) (NR) 371.809595
Feature heading ZUL
Feature heading K
100 0# - MAIN ENTRY--PERSONAL NAME
Personal name Zulfadzli,
Relator term author.
245 10 - TITLE STATEMENT
Title PASUKAN KADET BERSATU MALAYSIA DAN PERGERAKAN PUTERI ISLAM MALAYSIA /
Statement of responsibility, etc. Zulfadzli
264 #1 - PRODUCTION, PUBLICATION, DISTRIBUTION, MANUFACTURE, AND COPYRIGHT NOTICE
Place of production, publication, distribution, manufacture Kuala Lumpur :
Name of producer, publisher, distributor, manufacturer ELEGANT MIND PUBLICATION,
Date of production, publication, distribution, manufacture, or copyright notice [2021]
300 ## - PHYSICAL DESCRIPTION
Extent 48 pages :
Other physical details colour photographs ;
Dimensions 26 cm.
336 ## - CONTENT TYPE
Content type term text
Source rdacontent
Content type term still image
Source rdacontent
337 ## - MEDIA TYPE
Media type term unmediated
Source rdamedia
338 ## - CARRIER TYPE
Carrier type term volume
Source rdacarrier
490 1# - SERIES STATEMENT
Series statement Aktif Kokurikulum Unit Beruniform
650 10 - SUBJECT ADDED ENTRY--TOPICAL TERM
Topical term or geographic name entry element Student activities
Geographic subdivision Malaysia
Topical term or geographic name entry element Scouting (Youth activity)
Geographic subdivision Malaysia
Topical term or geographic name entry element Scouts and scouting
Geographic subdivision Malaysia
Topical term or geographic name entry element Girls
General subdivision Societies and clubs
830 #0 - SERIES ADDED ENTRY--UNIFORM TITLE
Uniform title Aktif kokurikulum unit beruniform
942 ## - ADDED ENTRY ELEMENTS (KOHA)
Source of classification or shelving scheme Dewey Decimal Classification
Koha item type Book
949 ## - LOCAL PROCESSING INFORMATION (OCLC)
6 2000788781
6 2000788782
Holdings
Withdrawn Not for loan Current library Shelving location Date acquired Full call number Barcode Date last seen Koha item type Total Checkouts Total Renewals Date last checked out
    Perpustakaan Alor Setar Pinjaman Kanak-kanak 18/10/2021 K 371.809595 ZUL A01705898 18/10/2021 Book      
    Perpustakaan Awam Sungai Petani Pinjaman Kanak-kanak 18/10/2021 K 371.809595 ZUL A01705899 26/11/2022 Book 1 1 18/10/2022
    Perpustakaan Baling Pinjaman Kanak-kanak 04/04/2022 K 371.809595 ZUL A01728448 04/04/2022 Book      
    Perpustakaan Bandar Baharu Pinjaman Kanak-kanak 04/04/2022 K 371.809595 ZUL A01728449 04/04/2022 Book      
    Perpustakaan Jitra Pinjaman Kanak-kanak 04/04/2022 K 371.809595 ZUL A01728445 04/04/2022 Book      
    Perpustakaan Kulim Pinjaman Kanak-kanak 04/04/2022 K 371.809595 ZUL A01728447 05/10/2022 Book 1 1 06/09/2022
    Perpustakaan Langkawi Pinjaman Kanak-kanak 04/04/2022 K 371.809595 ZUL A01728446 04/04/2022 Book      
    Perpustakaan Yan Pinjaman Kanak-kanak 18/10/2021 K 371.809595 ZUL A01705900 18/10/2021 Book